Match the U.S City to it's Nickname - Click Quiz - Statistics

General Stats
  • This quiz has been taken 121 times
  • The average score is 10 of 26
Answer Stats
Hint Answer % Correct
Motor City Detroit
93%
The Big Apple New York City
85%
The Windy City Chicago
83%
Sin City Las Vegas
81%
The City of Brotherly Love Philadelphia
72%
The Big Easy New Orleans
69%
The City by the Bay San Francisco
68%
The Biggest Little City in the World Reno
60%
The Christmas City Bethlehem
54%
Oaktown Oakland
53%
The Sweetest Place on Earth Hershey
50%
Crossroads of America Indianapolis
33%
Titletown Green Bay
22%
The Big Guava Tampa
17%
Home of Hoover Dam Boulder City
15%
The West's Most Western Town Scottsdale
15%
Innovating Since 1641 Stamford
15%
America's Most Historic City Fredericksburg
14%
Magic City Miami
14%
Gateway to the Channel Islands Oxnard
14%
America’s Maple Leaf City Carthage
10%
Athens of the Prairie Columbus
10%
City of Fountains Kansas City
10%
Big Tomato Sacramento
10%
Sunshine City St. Petersburg
7%
Venice of America Fort Lauderdale
3%
No matching quizzes found
Score Distribution
Percent of People with Each Score
Percentile by Number Answered
Your Score History
You have not taken this quiz